MARC

LEADER 00000nam0a2200000 4500
001 215477
005 20231101225953.0
010 |a 5203000328 
035 |a (RuTPU)RU\TPU\book\235400 
035 |a RU\TPU\book\90496 
090 |a 215477 
100 |a 20051026d1989 km y0rusy50 ca 
101 0 |a rus 
102 |a RU 
105 |a a z 001zy 
200 1 |a Битва под Москвой  |f Н. Г. Андроников [и др.]  |g Институт военной истории 
210 |a Москва  |c Воениздат  |d 1989 
215 |a 320 с.  |c ил. 
606 1 |a Великая Отечественная война 1941-1945  |x Первый период  |z июнь 1941- ноябрь 1942  |2 stltpush  |3 (RuTPU)RU\TPU\subj\66716  |9 82767 
610 1 |a история 
610 1 |a Россия 
610 1 |a Великая Отечественная война 1941-1945 
610 1 |a битва под Москвой 
610 1 |a наступательные операции 
610 1 |a оборонительные операции 
610 1 |a командиры 
610 1 |a соединения 
610 1 |a Московская область 
610 1 |a освобождение 
610 1 |a войны 
686 |a Т3(2)622,11  |v LBC/SL-A  |2 rubbk 
701 1 |a Андроников  |b Н. Г. 
701 1 |a Ионов  |b П. П. 
701 1 |a Мазуркевич  |b Р. В. 
701 1 |a Смирнов  |b В. А. 
712 0 2 |a Институт военной истории  |c (Москва)  |2 stltpush  |3 (RuTPU)RU\TPU\col\9003  |9 24644 
801 0 |a RU  |b RuMRKP  |c 19960705  |g psbo 
801 1 |a RU  |b 63413507  |c 20120512 
801 2 |a RU  |b 63413507  |c 20140304  |g RCR 
942 |c BK